| 000 | 00652nam a22001937a 4500 | ||
|---|---|---|---|
| 999 |
_c20576 _d20576 |
||
| 003 | AR-CdUCM | ||
| 008 | 190531b ||||| |||| 00| 0 spa d | ||
| 040 |
_aMUNICIPALIDAD PROVINCIAL DEL CUSCO _cBIBLIOTECA MUNICIPAL DEL CUSCO |
||
| 082 |
_a220.44 / _bH44 |
||
| 100 |
_aHerrero, Pablo. _943016 |
||
| 245 | _aLos documentos del Mar Muerto / | ||
| 260 |
_aBarcelona : _bMateu, _c1963. |
||
| 300 |
_a253 páginas ; _c19 cm. |
||
| 505 | _aContenido:Historia del descubrimiento -- Fecha de los manuscritos -- Fecha de composición... | ||
| 650 |
_aBibliografía _91484 |
||
| 650 |
_aManuscritos _98377 |
||
| 942 |
_2ddc _cLIBROS |
||
| 945 |
_adavv _d2019-05-31 |
||